Normal view
MARC view
Entry Personal Name
001 - CONTROL NUMBER
- control field: 89490
003 - CONTROL NUMBER IDENTIFIER
- control field: dpl
005 - DATE AND TIME OF LATEST TRANSACTION
- control field: 20260702104401.0
008 - FIXED-LENGTH DATA ELEMENTS
- fixed length control field: 260702|| aca||aabn | a|a d
040 ## - CATALOGING SOURCE
- Original cataloging agency: dpl
- Transcribing agency: dpl
100 ## - HEADING--PERSONAL NAME
- Personal name: Pradhan, Deepak Kumar
670 ## - SOURCE DATA FOUND
- Source citation: Work cat.: (dpl)216824: Sahu, B.P 89488, NGO in Rural Development/, 2012
